000 00460nmm a2200169Ia 4500
008 251105s9999||||xx |||||||||||||||||und||
020 _a9788481099461
041 _aspa
100 _aMorey Farré, Miguel
245 0 _aHotel Finisterre
264 _a[Madrid, España] :
_bGalaxia Gutenberg,
_c2011
300 _a352 páginas
490 _aEnsayo
650 _aPhilosophy, Ethics
856 _uhttps://public.digitaliapublishing.com/a/28790
942 _cCF
999 _c85820
_d85820